| 000 | 00638nam a2200217Ia 4500 | ||
|---|---|---|---|
| 005 | 20231107133138.0 | ||
| 008 | 131103s9999 xx 000 0 und d | ||
| 020 |
_a9.78E+12 _cRs 699 |
||
| 040 | _aLoreto College | ||
| 041 | _aEnglish | ||
| 082 |
_a320.954 _bNIL |
||
| 100 | _aNilekani, Nandan | ||
| 245 |
_aImagining India _b Ideas for the new century _cNandan Nilekani |
||
| 260 |
_aNew Delhi _bPenguin/Allen Lane _c2008 |
||
| 300 |
_a531p _b photos |
||
| 504 | _aIncludes bibliographical references and index | ||
| 650 | _aIndia-Politics and Governance | ||
| 651 | _aIndia-History and Culture | ||
| 850 | _aLCLIB | ||
| 942 | _cBK | ||
| 999 |
_c29225 _d79704 |
||